| 000 | 00524nam a22002177a 4500 | ||
|---|---|---|---|
| 999 |
_c33 _d33 |
||
| 005 | 20180804160930.0 | ||
| 007 | OSt | ||
| 008 | 180804b ||||| |||| 00| 0 eng d | ||
| 040 | _cOclc | ||
| 082 |
_a248 _bO881P |
||
| 100 | _aOtis, George | ||
| 245 |
_aPeace,Power and Happiness _cby George Otis |
||
| 260 |
_aCalifornia _bBible Voice Inc. _cc1973 |
||
| 300 | _a192p. | ||
| 650 | _2Spiritual warfare | ||
| 650 | _2Christian Life | ||
| 650 | _2Temptation | ||
| 650 | _2Demonology | ||
| 650 | _2Exorcism | ||
| 942 |
_2ddc _cBK |
||